000 00786nam a2200217Ia 4500
005 20141209120701.0
010 _aBAC-CH25
020 _a9789350092880
_cRs.195.00
035 _aB-557841-872
035 _aG-002775
037 _bTechniz/vender
_adpl
082 _aS
100 _aHawthorne, Nathaniel
245 _aA Wonder - Book for Girls and Boys /
_cby Nathaniel Hawthorne
260 _c2011
_aGurgaon
_bHachette India
270 _a612/614(6th Floor), Time Tower, MG Road, Sector 28
_bGurgaon
_e122001 (India)
300 _a246p.
_c17cm(pbk)
942 _cCH
_2ddc
_mHAW
_hS
999 _c86159
_d86159